000 00720nam a22002057a 4500
999 _c8726
_d8726
003 AR-CdUCM
008 190325b ||||| |||| 00| 0 spa d
040 _aMUNICIPALIDAD PROVINCIAL DEL CUSCO
_cBIBLIOTECA MUNICIPAL DEL CUSCO
082 _a607 /
_bG14
100 _aGaliano Vargas, Eliana Sharon
_924368
245 _aMetodología de la investigación científica /
260 _aCusco :
_c2016.
300 _a87 páginas ;
_c29 cm.
505 _aContenido : Teoría del Conocimiento -- El conocimiento -- La realidad -- Capacidades del conocimiento - Capacidad Sensorial...
650 _aCiencias
_98174
650 _aEstudios
_919800
650 _aInvestigación
_91940
942 _2ddc
_cLIBROS
945 _admma